01163nam a2200289Ia 4500001001100000003000800011006001900019007001500038008004100053040002100094035002100115050002600136100001500162245009200177260008800269300001000357533015200367650003300519650003700552655002900589700001900618710005700637710002200694710001700716856012500733999001500858ebr5000498CaPaEBRm u cr cn|||||||||100921s2001 inu s 000 1 eng d aCaPaEBRcCaPaEBR a(OCoLC)68062902914aPN1040.A5bB88 2001eb0 aAristotle.10aPoeticsh[electronic resource] :b350 BC /cby Aristotle ; translated by S. H. Butcher. a[South Bend, IN] :bInfomotions, Inc. ;a[Blacksburg, VA] :bVirginia Tech.,c2001. a27 p. aElectronic reproduction.bPalo Alto, Calif. :cebrary,d2010.nAvailable via World Wide Web.nAccess may be limited to ebrary affiliated libraries. 0aPoetryvEarly works to 1800. 0aAestheticsvEarly works to 1800. 7aElectronic books.2local1 aButcher, S. H.2 aVirginia Polytechnic Institute and State University.2 aInfomotions, Inc.2 aebrary, Inc.40uhttp://site.ebrary.com/lib/rucke/Doc?id=5000498zAn electronic book accessible through the World Wide Web; click to view c2847d2847